000 00310nam a22001457a 4500
020 _a81-8423-122-9
082 _a920
_bASO/S
100 _aASHOKAN, K
245 _aSWATHI THIRUNAAL
260 _aTHRISSUR
_bGREEN BOOKS BOOKS
_c2009
300 _a134
520 _aART BOOKS
650 _aART BOOK
942 _cBK
999 _c5501
_d5501